| 000 | 00499nam a2200193Ia 4500 | ||
|---|---|---|---|
| 020 | _a0194371026 | ||
| 040 | _cEQF | ||
| 082 | _a428 OXF 1991 A022 Or. | ||
| 100 | 1 | _aCooper, Richard | |
| 245 | 1 | 0 | _aVideo / |
| 260 |
_aOxford : _bOxford University Press, _c1991 |
||
| 300 |
_a[vi], 112 p. : _bill. ; _c24 cm |
||
| 490 | 1 | _aResource books for teachers | |
| 650 | 0 | _aVisual education | |
| 650 | 0 | _aVideo tapes in education | |
| 700 | 1 | 0 | _aLavery, Mike |
| 700 | 1 | 0 | _aRinvolucri, Mario |
| 942 | _cEK | ||
| 999 |
_c12642 _d12642 |
||